00503nam a22001577a 450000500170000001000130001702000260003003500130005603700100006908200080007924501250008726000550021227000310026730000260029870000210032420110927151049.0 aG-001435 c300.00a97881861984761daG-001435 bGift  a921 aM.K. Gandhi an autobiography or the story of my experiments with truth /ctranslated from the Gujarati by Mahadev Desai  aNew Delhi bGandhi Hindustani Sahitya Sabha c2009 aRajgharbNew Delhie110002 axiv, 394p. c24cm(Hb) a Desai, Mahadev